000 00656nam a22002177a 4500
003 DO-SdBNP
005 20260321073644.0
007 ta
008 110301s2013 dr 000 0 spa d
040 _aDO-SdBNP
_bspa
_cBNPHU
082 4 _axxxx
_bxxx
100 1 _aGaitán, Jorge Eliécer
_953018
245 1 0 _aPaz y democracia verdadera /
_cJorge Eliécer Gaitán, Juan Bosch, Piedad Córdoba
260 _aSanto Domingo :
_bFundación Juan Bosch,
_c2013.
300 _a19 p. :
_c21 cm.
590 _aInventariado, 2022/ YL
700 1 _a Bosch, Juan,
_d1909-2001
_976555
700 1 2 _aCórdoba, Piedad
_981723
910 _aYLockward
942 _2ddc
_cLF2
999 _c51838
_d51838